« Retourner aux résultats de recherche
Archipel du Chien (L')
roman
| Auteur principal: | Philippe Claudel Auteur du texte |
|---|---|
| Support: | Livres |
| Langue: | Francais |
| Publié: |
2018 Stock Paris |
| Genre: |
Roman |
| Collection: |
Bleue |
| Sujets: | |
| Étiquettes: |
Ajouter
Pas de Tags !
|
| LEADER | 01010nam0a2200193 450 | ||
|---|---|---|---|
| 001 | 16830297 | ||
| 010 | |a 978-2-234-08595-4 |b br. sous jaquet |d 19,5 | ||
| 100 | |a 20180110d2018 u u0frey01 ba | ||
| 101 | 0 | |a fre | |
| 102 | |a FR | ||
| 200 | 0 | |a Archipel du Chien (L') |e roman |f Philippe Claudel | |
| 207 | 1 | |a | |
| 210 | |a Paris |b 14 rue de l'Ancienne Comédie. |c Stock |d 2018 | ||
| 215 | |a 1 vol. (282 p.) |d 22 x 14 cm | ||
| 225 | 1 | |a Bleue | |
| 330 | |a Une île, dans l'archipel du Chien. Une petite communauté d'hommes vit de la pêche, de la vigne, des oliviers et des câpriers, à l'écart du fracas du monde. Jusqu'au jour où trois cadavres s'échouent sur ses rives. Bousculés dans leur tranquillité, les habitants se trouvent alors face à des choix qui révèlent leur nature profonde, leur petitesse et leur égoïsme. | ||
| 700 | 0 | |a Claudel |b Philippe |c Auteur du texte |f 1962-.... |4 70 | |
| 900 | |a Roman | ||
| 995 | |a Bibliothèque |c Bibliothèque |f 00156010826311 |h 00156010826311 |k R CLA |o p |q a |r az |e Bibliothèque | ||
